Visualizzazione normale
Vista MARC
- Bach Johann Sebastian
di Personal Name
Records bibliografici associati: 1
001 - CONTROL NUMBER
- control field: 37214
003 - CONTROL NUMBER IDENTIFIER
- control field: IT-RoPau
005 - DATE AND TIME OF LATEST TRANSACTION
- control field: 20151125161504.0
008 - FIXED-LENGTH DATA ELEMENTS
- fixed length control field: 151125|| aca||aabn | a|a d
040 ## - CATALOGING SOURCE
- Original cataloging agency: IT-RoPau
- Transcribing agency: IT-RoPau
100 ## - HEADING--PERSONAL NAME
- Personal name: Bach Johann Sebastian
- Relator term: (musica)
- Miscellaneous information: Codice Musica SPICS: 9695
670 ## - SOURCE DATA FOUND
- Source citation: Work cat.: (IT-RoPau)104703: Bergman Ingmar Codice regista SPICS: 9304 34076, SILENZIO (IL) SILENZIO (IL) (Rif. Codice opera principale : 71968)